Điều kiện hợp đồng FIDIC : Điều kiện hợp đồng xây dựng dạng hợp đồng ngắn = Conditions of contract for construction short form of contract

Wedi'i Gadw mewn:
Manylion Llyfryddiaeth
Awdur Corfforaethol: Hiệp hội Quốc tế các kỹ sư tư vấn
Fformat: Llyfr
Iaith:Undetermined
Cyhoeddwyd: Hà Nội Xây dựng 2011
Pynciau:
Tagiau: Ychwanegu Tag
Dim Tagiau, Byddwch y cyntaf i dagio'r cofnod hwn!
Thư viện lưu trữ: Trung tâm Học liệu Trường Đại học Cần Thơ
LEADER 00837nam a2200205Ia 4500
001 CTU_180445
008 210402s9999 xx 000 0 und d
020 |c 170000 
082 |a 692.8 
082 |b H307 
110 |a Hiệp hội Quốc tế các kỹ sư tư vấn 
245 0 |a Điều kiện hợp đồng FIDIC : 
245 0 |b Điều kiện hợp đồng xây dựng dạng hợp đồng ngắn = Conditions of contract for construction short form of contract 
245 0 |c Hiệp hội Quốc tế các kỹ sư tư vấn 
260 |a Hà Nội 
260 |b Xây dựng 
260 |c 2011 
650 |a Contracting,Standardized terms of contract,Tiêu chuẩn hợp đồng 
904 |i TUyến 
980 |a Trung tâm Học liệu Trường Đại học Cần Thơ